Which Town in Liechtenstein? - Statistics

General Stats
  • This quiz has been taken 11 times
  • The average score is 7 of 15
Answer Stats
Description Letter City % Correct
The capital and home to Kunstmuseum Liechtenstein V Vaduz
100%
Includes the Grauspitz, the highest point in the country T Triesen
82%
Largest town in the country and inhabited for 6,000+ years S Schaan
73%
Noted for its distinct dialect T Triesenberg
73%
The home of Xaver Frick, who competed in the Summer and Winter Olympics B Balzers
64%
The Curta mechanical calculator was produced by Contina AG here M Mauren
55%
Home to The Russian Monument which commemorates the asylum given to Russian soldiers during WW2 S Schellenberg
55%
The headquarters of Novodent and ThyssenKrupp Presta are located in this city E Eschen
45%
Is located near the northwestern border with Switzerland R Ruggell
45%
Contains the Liechtenstein Institute G Gamprin
36%
Its most notable structure is an eighteenth-century chapel St. Josef P Planken
36%
Its name means "ebony" in German E Ebenholz
18%
Is located in the far south west of the country M Mäls
18%
It was the starting location of 1939 Liechtenstein putsch N Nendeln
18%
has a train station that has not been served since 2013 S Schaanwald
18%
No matching quizzes found
Score Distribution
Percent of People with Each Score
Percentile by Number Answered
Your Score History
You have not taken this quiz